000 00287nam a22001097a 4500
008 230923b |||||||| |||| 00| 0 eng d
100 _aLumiya, B.N.
_94805
245 _aSome Historian of Medieval India
260 _aAgra;
_bLakshmi narain Aggarwal;
_c1969;
300 _a200p
942 _cBK
999 _c39747
_d39747